000 00409nam a2200169Ia 4500
008 230524s9999 xx 000 0 und d
082 _a610
_bNAI
100 _aM.S.Naidu
245 0 _aIntroduction to Electrical Engineering
250 _a1ST
260 _aNEW DELHI
_bTMH
_c2004
300 _aXIII;220
500 _aQuantity Number: 2
650 _aElectrical
700 _a S.Kamakshaiah
942 _cBK
999 _c36748
_d36748